Las Perspectivas de la economía y el nuevo gobierno
Según los analistas del CEPAS, hay gran preocupación por la situación económica nacional. En el momento se trata de renegociar la deuda externa y el gobierno cifra sus esperanzas en un diálogo con los acreedores, sin coordinar con los demás países deudores de América Latina y sin movilización popula...
Shranjeno v:
| Format: | Texto |
|---|---|
| Teme: | |
| Oznake: |
Označite
Brez oznak, prvi označite!
|
MARC
| LEADER | 00000 a a2200000 04500 | ||
|---|---|---|---|
| 001 | 3927 | ||
| 003 | |||
| 040 | |||
| 245 | |a Las Perspectivas de la economía y el nuevo gobierno | ||
| 520 | |a Según los analistas del CEPAS, hay gran preocupación por la situación económica nacional. En el momento se trata de renegociar la deuda externa y el gobierno cifra sus esperanzas en un diálogo con los acreedores, sin coordinar con los demás países deudores de América Latina y sin movilización popular en apoyo a sus propuestas. Internamente, se pretende cambios estructurales que posiblemente sean perjudiciales a los intereses de los sectores populares costarricenses. LOB/mb | ||
| 650 | |a ESTRUCTURA ECONOMICA | ||
| 650 | |a ADMINISTRACION PUBLICA | ||
| 650 | |a CRECIMIENTO ECONOMICO | ||
| 650 | |a BANCO MUNDIAL | ||
| 650 | |a CONSEJO NACIONAL DE PRODUCCION, CR | ||
| 650 | |a SECTOR PUBLICO | ||
| 650 | |a IMPORTACIONES | ||
| 650 | |a DEUDA EXTERNA | ||
| 650 | |a EXPORTACIONES | ||
| 650 | |a INFLACION | ||
| 773 | |g número 15; páginas 11-15 | ||
| 999 | |c 21614 |d 21614 | ||
